| 000 | 00563nam a2200193 a 4500 | ||
|---|---|---|---|
| 005 | 20140310183214.0 | ||
| 008 | 030421s19uu xx 00 eng d | ||
| 050 |
_aBF 176 _b.Ai485 1998 |
||
| 100 | _aAiken, Lewis | ||
| 245 |
_aTests and examinations : _bmeasuring abilities and performance / _cLewis R. Aiken. |
||
| 260 |
_aCanada : _bJohn Wiley and Sons Inc., _c1998. |
||
| 300 |
_a293 p. : _c24 cm. |
||
| 521 | _aPSYCH | ||
| 650 | _aPsychological Tests | ||
| 650 | _aAbility Testing | ||
| 650 | _aPsychometrics | ||
| 942 |
_cBK _2lcc _kFOR |
||
| 999 |
_c20198 _d20198 |
||